| 000 | 00713nam a22002057a 4500 | ||
|---|---|---|---|
| 999 |
_c10831 _d10831 |
||
| 003 | AR-CdUCM | ||
| 008 | 190402b ||||| |||| 00| 0 spa d | ||
| 040 |
_aMUNICIPALIDAD PROVINCIAL DEL CUSCO _cBIBLIOTECA MUNICIPAL DEL CUSCO |
||
| 082 |
_a345.8 / _bA63 / 1932 |
||
| 100 |
_aAparicio y Gómez Sánchez, Germán _927873 |
||
| 245 |
_aLey procesal de quiebras : _bconcordancias / |
||
| 260 |
_aLima : _c1932. |
||
| 300 |
_a241 páginas ; _c22 cm. |
||
| 505 | _aContenido:Fuentes de la ley procesal de quiebra -- Concordancias -- Legislación comparada ... | ||
| 650 |
_aQuiebra (Derecho procesal civil) _927874 |
||
| 650 |
_aLegislación _92962 |
||
| 650 |
_aPerú _935 |
||
| 942 |
_2ddc _cLIBROS |
||
| 945 | _aacv | ||